Every Chelsea Manager - Statistics

General Stats
  • This quiz has been taken 78 times
  • The average score is 14 of 39
Answer Stats
Years Manager % Correct
2004-2007 Jose Mourinho
96%
2013-2015 Jose Mourinho
96%
2019-2021 Frank Lampard
85%
2021-Present Thomas Tuchel
85%
2009-2011 Carlo Ancelotti
76%
2016-2018 Antonio Conte
75%
2012 Roberto Di Matteo
72%
2018-2019 Maurizio Sarri
63%
2011-2012 Andre Villas-Boas
61%
2007-2008 Avram Grant
57%
2012-2013 (i) Rafael Benitez
57%
2000-2004 Claudio Ranieri
55%
2009 (i) Guus Hiddink
55%
2015-2016 (i) Guus Hiddink
55%
1996-1998 Ruud Gullit
52%
1998-2000 Gianluca Vialli
48%
2008-2009 Luiz Felipe Scolari
43%
1993-1996 Glenn Hoddle
42%
1985-1988 John Hollins
21%
1967-1974 Dave Sexton
19%
1961-1967 Tommy Docherty
19%
1993 (i) David Webb
18%
1991-1993 Ian Porterfield
15%
2015 (c) Steve Holland
13%
1975-1977 Eddie McCreadie
12%
1979-1981 Geoff Hurst
10%
1988-1991 Bobby Campbell
7%
1981-1985 John Neal
7%
1905-1906 John Tait Robertson
7%
1952-1961 Ted Drake
7%
1939-1952 Billy Birrell
4%
1978-1979 Danny Blanchflower
4%
1907-1933 David Calderhead
4%
1967 (c) Ron Suart
4%
1974-1975 (i) Ron Suart
4%
1981 (c) Bobby Gould
3%
1933-1939 Leslie Knighton
3%
1977-1978 Ken Shellito
1%
1906-1907 (i) William Lewis
1%
No matching quizzes found
Score Distribution
Percent of People with Each Score
Percentile by Number Answered
Your Score History
You have not taken this quiz